[Event "Kalamata NOK op 4th"]
[Site "Kalamata"]
[Date "2013.10.27"]
[Round "3.3"]
[White "Moutzouris, Emanouel"]
[Black "Rompaki, Maria"]
[Result "1-0"]
[WhiteElo "1821"]
[BlackElo "1242"]
[PlyCount "61"]
[EventDate "2013.10.13"]
[EventType "swiss"]
[EventRounds "7"]
[EventCountry "GRE"]
[SourceTitle "EXT 2024"]
[Source "ChessBase"]
[SourceDate "2023.10.10"]
[SourceVersion "1"]
[SourceVersionDate "2023.10.10"]
[SourceQuality "1"]

1. c4 e5 2. g3 Nf6 3. Bg2 Bc5 4. Nc3 a6 5. a3 0-0 6. e3 Re8 7. Nge2 Nc6 8. 0-0 d6 9. b4 Ba7 10. Bb2 Ne7 11. d4 Ng6 12. Rc1 Rb8 13. Qc2 Bg4 14. h3 Bd7 15. Kh2 Qc8 16. Qb1 b6 17. Qa1 Bf5 18. Rfd1 Qd8 19. Nd5 Ne4 20. Kg1 Ng5 21. dxe5 Nxh3+ 22. Bxh3 Bxh3 23. exd6 cxd6 24. Bxg7 Ne5 25. Bxe5 Rxe5 26. Rd4 Rc8 27. Rh4 Bf5 28. f4 Re6 29. Nd4 Rg6 30. Nxf5 b5 31. Nde7+ 1-0

[Event "Kalamata NOK op 4th"]
[Site "Kalamata"]
[Date "2013.10.20"]
[Round "2.3"]
[White "Louka, Marianthi"]
[Black "Moutzouris, Emanouel"]
[Result "0-1"]
[WhiteElo "1281"]
[BlackElo "1821"]
[PlyCount "118"]
[EventDate "2013.10.13"]
[EventType "swiss"]
[EventRounds "7"]
[EventCountry "GRE"]
[SourceTitle "EXT 2024"]
[Source "ChessBase"]
[SourceDate "2023.10.10"]
[SourceVersion "1"]
[SourceVersionDate "2023.10.10"]
[SourceQuality "1"]

1. d4 Nf6 2. Nf3 d5 3. Bf4 g6 4. h3 Bg7 5. e3 0-0 6. Bd3 b6 7. 0-0 c5 8. c3 Ba6 9. Bxa6 Nxa6 10. Nbd2 Nc7 11. Qe2 Nce8 12. e4 dxe4 13. Nxe4 Nxe4 14. Qxe4 Nd6 15. Qe3 Nf5 16. Qd2 cxd4 17. c4 Rc8 18. b3 e6 19. Be5 Bxe5 20. Nxe5 f6 21. Ng4 e5 22. Rfe1 Qc7 23. a4 h5 24. Nh6+ Nxh6 25. Qxh6 Qg7 26. Qd2 f5 27. a5 e4 28. axb6 axb6 29. Red1 d3 30. Ra6 Qb7 31. Qg5 Kg7 32. Rda1 Ra8 33. Rxa8 Rxa8 34. Rxa8 Qxa8 35. Qe7+ Kh6 36. Qe5 Qd8 37. Qf4+ Kh7 38. Qd2 Qd6 39. g3 Qf6 40. Kg2 g5 41. f3 Kg6 42. fxe4 fxe4 43. Qe3 Qe6 44. Kh2 h4 45. gxh4 gxh4 46. Qg1+ Kf7 47. Qf2+ Qf6 48. Qe3 Qf3 49. Qxb6 Qg3+ 50. Kh1 Qxh3+ 51. Kg1 Qg3+ 52. Kh1 Qf3+ 53. Kg1 h3 54. Qc7+ Kg6 55. Qd6+ Kf5 56. Qf8+ Ke5 57. Qc5+ Kf4 58. Qf8+ Ke3 59. Qc5+ Ke2 0-1

[Event "Kalamata NOK op 1st "]
[Site "Kalamata"]
[Date "2011.05.01"]
[Round "4"]
[White "Moutzouris, Emanouel"]
[Black "Filopoulou, Aggeliki"]
[Result "1-0"]
[WhiteElo "1834"]
[BlackElo "1497"]
[PlyCount "132"]
[EventDate "2011.04.29"]
[EventType "swiss"]
[EventRounds "5"]
[EventCountry "GRE"]
[SourceTitle "EXT 2024"]
[Source "ChessBase"]
[SourceDate "2023.10.10"]
[SourceVersion "1"]
[SourceVersionDate "2023.10.10"]
[SourceQuality "1"]

1. e4 d5 2. exd5 Qxd5 3. Nc3 Qd6 4. Nf3 Nf6 5. d4 a6 6. h3 b5 7. Be3 Bb7 8. Be2 e6 9. Qd2 Nbd7 10. Rd1 c5 11. 0-0 Be7 12. Bf4 Qb6 13. Rfe1 0-0 14. Ne5 Rad8 15. Bf3 Nxe5 16. Bxe5 Bxf3 17. gxf3 cxd4 18. Ne4 d3 19. cxd3 Rd5 20. Qg5 h6 21. Qg3 Qd8 22. d4 Kh7 23. Kh1 Rg8 24. Rg1 g6 25. Qh4 Nxe4 26. Qxe4 Bf6 27. Bxf6 Qxf6 28. Rd3 Rgd8 29. Rgd1 Qf5 30. Kh2 Kg7 31. Qxf5 Rxf5 32. Kg3 g5 33. Kg4 Kg6 34. Re1 Rf4+ 35. Kg3 Rfxd4 36. Rxd4 Rxd4 37. Re2 a5 38. Rc2 Rc4 39. Rd2 a4 40. a3 b4 41. axb4 Rxb4 42. Rc2 h5 43. Rd2 Kf5 44. Rc2 f6 45. Rc5+ e5 46. Ra5 h4+ 47. Kg2 Rd4 48. Kh2 Kf4 49. Kg2 e4 50. fxe4 Rxe4 51. Ra6 f5 52. Rc6 Rb4 53. Rc2 g4 54. Rd2 Ke4 55. Re2+ Kd3 56. Re5 Kc2 57. Rxf5 Kxb2 58. hxg4 Rxg4+ 59. Kh3 Rb4 60. f4 a3 61. Ra5 Rxf4 62. Rb5+ Kc3 63. Rc5+ Kb3 64. Ra5 a2 65. Ra6 Ra4 66. Rb6+ Ka3 1-0

[Event "Kalamata NOK op 1st "]
[Site "Kalamata"]
[Date "2011.04.30"]
[Round "2"]
[White "Malamas, Kostas"]
[Black "Moutzouris, Emanouel"]
[Result "1/2-1/2"]
[WhiteElo "1710"]
[BlackElo "1834"]
[PlyCount "88"]
[EventDate "2011.04.29"]
[EventType "swiss"]
[EventRounds "5"]
[EventCountry "GRE"]
[SourceTitle "EXT 2024"]
[Source "ChessBase"]
[SourceDate "2023.10.10"]
[SourceVersion "1"]
[SourceVersionDate "2023.10.10"]
[SourceQuality "1"]

1. b4 d5 2. Bb2 Nf6 3. e3 e6 4. a3 a5 5. b5 c5 6. a4 Nbd7 7. Nf3 Bd6 8. d4 b6 9. c4 Bb7 10. Nbd2 Rc8 11. cxd5 exd5 12. Be2 0-0 13. 0-0 Qe7 14. dxc5 Nxc5 15. Nd4 Qc7 16. h3 Rfe8 17. N2f3 Nfe4 18. Nf5 Bf8 19. Rc1 Qb8 20. Qd4 f6 21. Bd1 Nd7 22. Bb3 Bc5 23. Bxd5+ Kf8 24. Qd3 Rcd8 25. Bxb7 Qxb7 26. Ba3 Ne5 27. Bxc5+ Nxc5 28. Qe2 Ned3 29. Rc4 Qd5 30. Rxc5 Nxc5 31. N5d4 Nxa4 32. Qc2 Nc5 33. Qxh7 Qg8 34. Qc2 a4 35. Nc6 Rd3 36. Nfd4 Qd5 37. Nb4 Qe4 38. Nxd3 Qxd3 39. Qxd3 Nxd3 40. Ra1 Nc5 41. Ra3 g6 42. h4 Re4 43. g3 Ke7 44. Kg2 Kd6 1/2-1/2